Normal view
MARC view
- Schmitter, Philippe C
Entry Personal Name
001 - CONTROL NUMBER
- control field: 15177
003 - CONTROL NUMBER IDENTIFIER
- control field: OSt
005 - DATE AND TIME OF LATEST TRANSACTION
- control field: 20260205113800.0
008 - FIXED-LENGTH DATA ELEMENTS
- fixed length control field: 260205|| aca||aabn | a|a d
040 ## - CATALOGING SOURCE
- Original cataloging agency: OSt
- Transcribing agency: OSt
100 ## - HEADING--PERSONAL NAME
- Personal name: Schmitter, Philippe C
670 ## - SOURCE DATA FOUND
- Source citation: Work cat.: (OSt)6010: Transitions from authoritarian rule. Tentative conclusions about uncertain democracies /, c1986.